<?xml version="1.0" encoding="UTF-8"?>
<record
    xmlns:xsi="http://www.w3.org/2001/XMLSchema-instance"
    xsi:schemaLocation="http://www.loc.gov/MARC21/slim http://www.loc.gov/standards/marcxml/schema/MARC21slim.xsd"
    xmlns="http://www.loc.gov/MARC21/slim">

  <leader>01343nam a2200373   4500</leader>
  <controlfield tag="001">177364</controlfield>
  <controlfield tag="003">ES-MaACL</controlfield>
  <controlfield tag="005">20250829062536.0</controlfield>
  <controlfield tag="008">110317s2009    sp ad        |||| |dspa d</controlfield>
  <datafield tag="017" ind1=" " ind2=" ">
    <subfield code="a">M 7682-2009</subfield>
  </datafield>
  <datafield tag="020" ind1=" " ind2=" ">
    <subfield code="a">9788436255690 (o.c.)</subfield>
  </datafield>
  <datafield tag="020" ind1=" " ind2=" ">
    <subfield code="a">9788436255706 (v.1)</subfield>
  </datafield>
  <datafield tag="020" ind1=" " ind2=" ">
    <subfield code="a">9788436255713 (v.2)</subfield>
  </datafield>
  <datafield tag="080" ind1=" " ind2=" ">
    <subfield code="a">929 Tusell, Javier</subfield>
  </datafield>
  <datafield tag="080" ind1=" " ind2=" ">
    <subfield code="a">94(460)"18"(082.2)</subfield>
  </datafield>
  <datafield tag="080" ind1=" " ind2=" ">
    <subfield code="a">94(460)"19"(082.2)</subfield>
  </datafield>
  <datafield tag="245" ind1="0" ind2="0">
    <subfield code="a">Historia, pol&#xED;tica y cultura </subfield>
    <subfield code="b">: homenaje a Javier Tusell / </subfield>
    <subfield code="c">Juan Avil&#xE9;s (coordinador).</subfield>
  </datafield>
  <datafield tag="250" ind1=" " ind2=" ">
    <subfield code="a">1&#xAA; ed.</subfield>
  </datafield>
  <datafield tag="260" ind1=" " ind2=" ">
    <subfield code="a">Madrid : </subfield>
    <subfield code="b">Universidad Nacional de Educaci&#xF3;n a Distancia, </subfield>
    <subfield code="c">2009.</subfield>
  </datafield>
  <datafield tag="300" ind1=" " ind2=" ">
    <subfield code="a">2 v. (495 ; 411 p.) : </subfield>
    <subfield code="b">gr&#xE1;f. ; </subfield>
    <subfield code="c">24 cm.</subfield>
  </datafield>
  <datafield tag="490" ind1="1" ind2=" ">
    <subfield code="a">Varia</subfield>
  </datafield>
  <datafield tag="504" ind1=" " ind2=" ">
    <subfield code="a">Referencias bibliogr&#xE1;ficas.</subfield>
  </datafield>
  <datafield tag="600" ind1="1" ind2="7">
    <subfield code="a">Tusell, Javier-</subfield>
    <subfield code="v">Homenajes.</subfield>
    <subfield code="9">145696</subfield>
  </datafield>
  <datafield tag="651" ind1=" " ind2="7">
    <subfield code="a">Espa&#xF1;a-</subfield>
    <subfield code="x">Historia-</subfield>
    <subfield code="y">S.XIX</subfield>
    <subfield code="2"></subfield>
    <subfield code="9">142005</subfield>
  </datafield>
  <datafield tag="651" ind1=" " ind2="7">
    <subfield code="a">Espa&#xF1;a-</subfield>
    <subfield code="x">Historia-</subfield>
    <subfield code="y">S.XX.</subfield>
    <subfield code="9">138832</subfield>
  </datafield>
  <datafield tag="655" ind1=" " ind2="7">
    <subfield code="2">tgfbne</subfield>
    <subfield code="9">226850</subfield>
    <subfield code="a">Homenajes</subfield>
  </datafield>
  <datafield tag="700" ind1="1" ind2=" ">
    <subfield code="a">Avil&#xE9;s Farr&#xE9;, Juan,</subfield>
    <subfield code="d">1950-2023</subfield>
    <subfield code="9">24073</subfield>
  </datafield>
  <datafield tag="710" ind1="2" ind2=" ">
    <subfield code="a">Universidad Nacional de Educaci&#xF3;n a Distancia (Espa&#xF1;a)</subfield>
    <subfield code="9">7405</subfield>
  </datafield>
  <datafield tag="830" ind1="1" ind2=" ">
    <subfield code="a">Varia</subfield>
    <subfield code="9">180562</subfield>
  </datafield>
  <datafield tag="852" ind1=" " ind2=" ">
    <subfield code="a">ES-MaACL</subfield>
    <subfield code="b">R.145744</subfield>
    <subfield code="9">184182</subfield>
    <subfield code="j">A-11045</subfield>
    <subfield code="d">Olim: N-4050 ;</subfield>
    <subfield code="c">DEPO1</subfield>
    <subfield code="p">v.1</subfield>
  </datafield>
  <datafield tag="852" ind1=" " ind2=" ">
    <subfield code="a">ES-MaACL</subfield>
    <subfield code="9"> 200456</subfield>
    <subfield code="b">R.145744</subfield>
    <subfield code="j">A-11046</subfield>
    <subfield code="d">Olim: N-4051</subfield>
    <subfield code="c">DEPO1</subfield>
    <subfield code="p">v.2</subfield>
  </datafield>
  <datafield tag="942" ind1=" " ind2=" ">
    <subfield code="2">udc</subfield>
  </datafield>
  <datafield tag="999" ind1=" " ind2=" ">
    <subfield code="c">177364</subfield>
    <subfield code="d">177364</subfield>
  </datafield>
  <datafield tag="952" ind1=" " ind2=" ">
    <subfield code="0">0</subfield>
    <subfield code="1">0</subfield>
    <subfield code="2">udc</subfield>
    <subfield code="4">0</subfield>
    <subfield code="7">0</subfield>
    <subfield code="a">ATENEOM</subfield>
    <subfield code="b">ATENEOM</subfield>
    <subfield code="c">DEPO1</subfield>
    <subfield code="d">2011-03-17</subfield>
    <subfield code="e">COMPRA</subfield>
    <subfield code="h">v.1</subfield>
    <subfield code="l">0</subfield>
    <subfield code="o">A-11045</subfield>
    <subfield code="p">1186286</subfield>
    <subfield code="r">2023-02-23 00:00:00</subfield>
    <subfield code="w">2023-02-23</subfield>
    <subfield code="y">MONOGRAFIA</subfield>
  </datafield>
  <datafield tag="952" ind1=" " ind2=" ">
    <subfield code="0">0</subfield>
    <subfield code="1">0</subfield>
    <subfield code="2">udc</subfield>
    <subfield code="4">0</subfield>
    <subfield code="7">0</subfield>
    <subfield code="a">ATENEOM</subfield>
    <subfield code="b">ATENEOM</subfield>
    <subfield code="c">DEPO1</subfield>
    <subfield code="d">2023-08-24</subfield>
    <subfield code="e">COMPRA</subfield>
    <subfield code="h">v.2</subfield>
    <subfield code="l">0</subfield>
    <subfield code="o">A-11046</subfield>
    <subfield code="p">101205750</subfield>
    <subfield code="r">2023-08-24 00:00:00</subfield>
    <subfield code="w">2023-08-24</subfield>
    <subfield code="y">MONOGRAFIA</subfield>
  </datafield>
</record>
